|
|
|
|
| LEADER |
00000nam0a2200000 4500 |
| 001 |
286030 |
| 005 |
20231101235843.0 |
| 020 |
|
|
|a RU
|b 85-38961
|
| 035 |
|
|
|a (RuTPU)RU\TPU\book\310319
|
| 090 |
|
|
|a 286030
|
| 100 |
|
|
|a 20150302d1985 m y0rusy5003 ca
|
| 101 |
0 |
|
|a rus
|
| 102 |
|
|
|a RU
|
| 105 |
|
|
|a a j 001zy
|
| 200 |
1 |
|
|a Вариационные методы в динамике несжимаемой жидкости
|f А. Г. Петров
|g Московский государственный университет им. М. В. Ломоносова (МГУ)
|
| 210 |
|
|
|a Москва
|c Изд-во МГУ
|d 1985
|
| 215 |
|
|
|a 103 с.
|c ил.
|d 21 см
|
| 320 |
|
|
|a Библиогр.: с. 100-101
|
| 606 |
1 |
|
|a Жидкости несжимаемые
|2 stltpush
|3 (RuTPU)RU\TPU\subj\10922
|9 37923
|
| 610 |
1 |
|
|a движение
|
| 610 |
1 |
|
|a расчет
|
| 610 |
1 |
|
|a динамика
|
| 610 |
1 |
|
|a принцип Гамильтона
|
| 610 |
1 |
|
|a тела
|
| 610 |
1 |
|
|a гидродинамическое взаимодействие
|
| 610 |
1 |
|
|a учебные пособия
|
| 675 |
|
|
|a 532.5(075.8)
|z rus
|v 3
|
| 700 |
|
1 |
|a Петров
|b А. Г.
|g Александр Георгиевич
|4 070
|
| 712 |
0 |
2 |
|a Московский государственный университет им. М. В. Ломоносова (МГУ)
|2 stltpush
|3 (RuTPU)RU\TPU\col\7
|
| 801 |
|
0 |
|a RU
|b RuMRKP
|c 19950704
|g psbo
|
| 801 |
|
1 |
|a RU
|b 63413507
|c 20150302
|
| 801 |
|
2 |
|a RU
|b 63413507
|c 20170302
|g RCR
|
| 942 |
|
|
|c BK
|